000 01015cab a2200301 4500
001 ABS51960
008 090401t1994 xxu||||| |||| 00| 0 eng d
035 _a(Sirsi) u52912
041 _aeng
100 _aEade, C.
245 _aRent reviews: rent in twain
260 _c1994
350 _a0
490 _aProperty Week
_v49(9) 1 December 1994, 18-19(2)
520 _aExamines the implications for rent reviews, of four Court of Appeal cases, three of which ruled that rent-free periods should count as part of the rent.
650 _aBROADGATE SQUARE PLC V LEHMAN BROTHERS
650 _aCO-OPERATIVE WHOLESALE SOCIETY V NAT WEST BANK
650 _aDISREGARDS
650 _aINDUCEMENTS
650 _aLEASE INCENTIVES
650 _aPRUDENTIAL NOMINEES LTD V GREENHAM TRADING LTD
650 _aRENT REVIEWS
650 _aRENT-FREE PERIODS
650 _aSCOTTISH AMICABLE LIFE ASSURANCE SOCIETY V MIDDLETON
690 _aLANDLORD AND TENANT-RENT REVIEWS
942 _n0
948 _c04/03/1997
999 _c32653
_d32653